01553nam a2200433 i 4500001000700000003000800007005001700015006001900032007001500051008004100066020001800107020002700125035002300152035002400175035002500199035002100224040003100245050002100276080001400297082001700311100003700328245007500365250002300440264006400463300004100527336003100568337003300599338004300632490003600675504002900711588012400740650003100864650003200895650003100927650003500958655002700993830003701020856006201057133417FlNmELB20241217180642.0m o d | cr cnu||||||||150702s2014 mx ob 000 0 spa d z9786074385250 a9786077440161 (e-book) a(MiAaPQ)EBC3229391 a(Au-PeEL)EBL3229391 a(CaPaEBR)ebr11046507 a(OCoLC)917342106 aFINmELBbspaerdacFINmELB 4aPC4117bZ38 2014 a811.134.20 a468.64212231 aZarzar Charur, Carlos Alejandro.10aTaller de lectura y redacción.n1 /cCarlos Alejandro Zarzar Charur. aSegunda edición. 1aMéxico D.F. :bLarousse - Grupo Editorial Patria,c[2014] a1 recurso en línea (260 páginas) atextobtxt2rdacontent/spa acomputadorabc2rdamedia/spa arecurso en líneabcr2rdacarrier/spa1 aSerie Integral por competencias aContiene bibliografía. aDescripción basada en recurso en línea; Título de la página del título en PDF (e-libro, visto July 02, 2015). 0aSpanish languagexReaders. 4aLengua españolaxLectura. 0aReading (Higher education) 4aLecturaxEducación superior. 4aLibros electrónicos. 0aSerie Integral por competencias.40uhttps://elibro.net/ereader/politecnicointernacional/40374